000 00622nam a2200157Ia 4500
008 210324s9999||||xx |||||||||||||| ||und||
040 _cSTCPL
041 _hHND
082 _a891.43109
_bARI-N
100 _aSastri Suryakanth
245 0 _aNadi ka shere
_hनदी का शोर
260 _aBangalore
_bIndian Capital Bureau
_c1965
300 _aP- 224
650 _aEast Indo-European And Celtic LiteraturesTHE NEED FOR REGIONAL POLICY, OBJECTIVES OF REGIONAL POLICY, CONTRIBUTIONS OF REGIONAL ECONOMIC THEORY, THE STRATEGY OF REGIONAL POLICY, THE INSTRUMENTS OF REGIONAL POLICY, REMAINING ISSUSES
942 _cBK
999 _c20988
_d20988